000 00310nam a22001337a 4500
008 170724b xxu||||| |||| 00| 0 eng d
020 _a3540553541
041 _aeng
080 _a004
100 _a29
101 _aSHKI
245 _aCOMPUTER AIDED SYSTEMS THEORY- EUROCAST 91
_cPICHLER, F
942 _2udc
_cBK
999 _c21792
_d21792